| 000 | 00301 a2200121 4500 | ||
|---|---|---|---|
| 001 | 63331 | ||
| 082 | _a623.043ADA | ||
| 090 |
_c37375 _d37375 |
||
| 100 | _aAdamy,David | ||
| 245 | _aEW 101: First Course in Electronic Warfare. | ||
| 260 |
_aBoston _bArtech House, Boston _c2004 |
||
| 300 | _axix,308p | ||
| 942 |
_aNUST-CAE _k623.043ADA |
||
| 999 |
_c298404 _d298404 |
||